000
00305nam a22001217a 4500
008
180807b xxu||||| |||| 00| 0 eng d
082
_a
813.52
245
_a
Principles and Applications of Eletrical Engineering
_c
Rizzoni,G
260
_c
2003
300
_a
1
_f
CD
440
_x
0072463511
942
_2
ddc
_c
MX
999
_c
46887
_d
46887